| 000 | 00701nam a2200217 a 4500 | ||
|---|---|---|---|
| 005 | 20240228063848.0 | ||
| 008 | 031024s2001 mx r 000 0 spa d | ||
| 020 | _a9681663179 | ||
| 035 | _aUPN01000130388 | ||
| 049 | _aI | ||
| 050 | 4 |
_aPZ76.3 _bR5.2 |
|
| 100 | 1 | _aRicard, Anourk | |
| 245 | 1 | 4 |
_aLas aventuras de Pafy, Pouly, Caty y Blaty / _cAnouk Ricard. |
| 260 |
_aMéxico : _bFCE, _c2001. |
||
| 300 |
_a45 p. : _bprincipalmente il. col. |
||
| 440 | 4 | _aLos especiales de a la orilla del viento | |
| 534 |
_pTraducción de: _tLes aventures de Pañy, Pouly, Caty et Blatty |
||
| 650 | 0 |
_aAnimales _vCuentos y leyendas _9234 |
|
| 650 | 4 |
_aLibros y lectura para niños _92290 |
|
| 905 | _aInfantil | ||
| 999 |
_c102545 _d102545 |
||